Statistics for Every Poptropica Island

Click here to take the quiz!

General Stats

  • This quiz has been taken 8 times
    (7 since last reset)
  • The average score is 29 of 50

Answer Stats

Answer% Correct
Cryptids Island
100%
Early Poptropica
100%
Shark Tooth Island
100%
Skullduggery Island
100%
24 Carrot Island
80%
Arabian Nights
80%
Astro Knights Island
80%
Mythology Island
80%
Reality TV Island
80%
Super Villain Island
80%
Time Tangled Island
80%
Wild West Island
80%
Big Nate Island
60%
Counterfeit Island
60%
Escape From Pelican Rock
60%
Mission Atlantis
60%
Monkey Wrench Island
60%
Monster Carnival
60%
Nabooti Island
60%
Night Watch Island
60%
Poptropicon Island
60%
Shrink Ray Island
60%
SOS Island
60%
Spy Island
60%
Steamworks Island
60%
Super Power Island
60%
Survival Island
60%
Timmy Failure Island
60%
Twisted Thicket
60%
Virus Hunter Island
60%
Wimpy Boardwalk
60%
Wimpy Wonderland
60%
Zomberry Island
60%
Crisis Caverns
40%
Fairy Tale Island
40%
Galactic Hot Dogs Island
40%
Game Show Island
40%
Ghost Story Island
40%
Goofball Island
40%
Great Pumpkin Island
40%
Jade Scarab Island
40%
Lunar Colony
40%
Mocktropica
40%
Mystery Train Island
40%
Poptropolis Games
40%
Vampire's Curse Island
40%
Backlot Island
20%
Charlie And The Chocolate Factory Island
20%
Reality TV Wild Safari
20%
Red Dragon Island
20%

Score Distribution

Percentile by Number Answered

Percent of People with Each Score

Your Score History

You have not taken this quiz since the last reset